000 00756nam a2200181 a 4500
008 200806s1999 ||||||||||||||||| || u
020 _a9780712664783
050 _aGC 296.8 .E4 Fag
100 _aFagan, Brian
245 1 0 _aFloods famines and emperors: El Nino and the fate of civilizations
_cBy Brian Fagan
260 _aLondon
_bPimlico
_c1999
300 _axix, 284 pages : illustrations
650 _aHUMAN BEINGS--EFFECTS OF ENVIRONMENT ON
650 _aPACIFIC OCEAN--EL NINO CURRENT
650 _aCLIMATIC CHANGES--SOCIAL ASPECTS--ZAMBIA
650 _aCLIMATE AND CIVILIZATION
995 _D5.50
_FCBU-MAIN LIBRARY (Kitwe)
_M1
_UAVAILABLE
_WAug 7, 2020
_ZMain Library Open Access Collection
999 _c43632
_d43632